Central Library OPAC University of Rajshahi

Bioenergy and economic development : (Record no. 3949)

MARC details
000 -LEADER
fixed length control field 01245nam a2200325 a 4500
001 - CONTROL NUMBER
control field 3949
003 - CONTROL NUMBER IDENTIFIER
rucl marc code BD-RjUL
005 - DATE AND TIME OF LATEST TRANSACTION
control field 20211208233816.0
008 - FIXED-LENGTH DATA ELEMENTS--GENERAL INFORMATION
fixed length control field 131221s1985 cou b 001 0 eng
020 ## - INTERNATIONAL STANDARD BOOK NUMBER
International Standard Book Number 081337037X (pbk.)
035 ## - SYSTEM CONTROL NUMBER
System control number (BD-RjUL)3983
040 ## - CATALOGING SOURCE
Original cataloging agency DLC
Transcribing agency DLC
Modifying agency DLC
-- BD-RjUL
Language of cataloging eng
041 ## - LANGUAGE CODE
Language code of text/sound track or separate title eng
082 00 - DEWEY DECIMAL CLASSIFICATION NUMBER
Classification number 333.793
Edition number 19
Author mark and year RAB 1985
100 1# - MAIN ENTRY--PERSONAL NAME
Personal name Ramsay, William,
Dates associated with a name 1930-
9 (RLIN) 12577
245 10 - TITLE STATEMENT
Title Bioenergy and economic development :
Remainder of title planning for biomass energy programs in the Third World /
Statement of responsibility, etc. William Ramsay.
260 ## - PUBLICATION, DISTRIBUTION, ETC. (IMPRINT)
Place of publication, distribution, etc. Boulder :
Name of publisher, distributor, etc. Westview Press,
Date of publication, distribution, etc. 1985.
300 ## - PHYSICAL DESCRIPTION
Pagination xvi, 291 p ;
Size 23 cm.
500 ## - GENERAL NOTE
General note "Published in cooperation with the Center for Strategic and International Studies, Georgetown University."
504 ## - BIBLIOGRAPHY, ETC. NOTE
Bibliography, etc Bibliography: p. 255-279.
Bibliography, etc Includes index.
650 #0 - SUBJECT ADDED ENTRY--TOPICAL TERM
Topical term or geographic name as entry element Biomass energy
General subdivision Economic aspects
Geographic subdivision Developing countries.
9 (RLIN) 12579
Topical term or geographic name as entry element Energy development
Geographic subdivision Developing countries.
9 (RLIN) 12580
Topical term or geographic name as entry element Fuel
Geographic subdivision Developing countries.
9 (RLIN) 12581
710 2# - ADDED ENTRY--CORPORATE NAME
Corporate name or jurisdiction name as entry element Georgetown University.
Subordinate unit Center for Strategic and International Studies.
9 (RLIN) 12582
942 ## - ADDED ENTRY ELEMENTS (KOHA)
Source of classification or shelving scheme Dewey Decimal Classification
Koha item type Books
Holdings
Lost status Source of classification or shelving scheme Damaged status Not for loan Collection code Permanent Location Current Location Shelving location Date acquired Total Checkouts Full call number Date last seen Copy number Koha item type
  Dewey Decimal Classification   Not For Loan Non-fiction Central Library, University of Rajshahi Central Library, University of Rajshahi Reading Room 07/06/1990   333.793 RAB 1985 21/12/2013 C-1 Books